| 000 | 00474nam a2200181Ia 4500 | ||
|---|---|---|---|
| 005 | 20240718081531.0 | ||
| 008 | 240331s9999 xx 000 0 und d | ||
| 020 | _a0415202582 | ||
| 082 |
_bKIN _a200.7 |
||
| 100 | _aKing,R | ||
| 245 | 0 |
_aOrientalism and religion _bPostcolonial theory, India and 'the mystic East' |
|
| 260 |
_aLondon _bRoutledge _c1999 |
||
| 300 | _aviii, 283 p ., | ||
| 650 | _aPostcolonial | ||
| 650 | _aPhilosophy | ||
| 650 | _aReligions | ||
| 942 | _cL | ||
| 999 |
_c4553 _d4553 |
||